Návrh opatrení na uplatnenie ergonomických programov na základe prieskumu a analýzy vo vybraných podnikoch na Slovensku

Gespeichert in:
Bibliographische Detailangaben
1. Verfasser: Polková, Mária, 1987- (Verfasst von)
Weitere Verfasser: Hatiar, Karol, 1949- (Betreuung Doktorarbeit)
Format: Manuskript Buch
Sprache:Slowakisch
Veröffentlicht: STU v Bratislave MTF UPMK, 2010
Schlagworte:
Online-Zugang:VAIS
Tags: Tag hinzufügen
Keine Tags, Fügen Sie das erste Tag hinzu!

MARC

LEADER 00000ntm a22000003a 4500
001 stu206890
005 20160719160246.4
008 100709s2010------------------------slo-d
040 |a STU  |b slo 
041 0 |a slo 
100 1 |a Polková, Mária,  |d 1987-  |4 aut  |X 37510  |7 A000037510 
242 0 0 |a The proposal of measures to implement ergonomic programs based on the research and analysis in selected companies in Slovakia  |y eng 
245 1 |a Návrh opatrení na uplatnenie ergonomických programov na základe prieskumu a analýzy vo vybraných podnikoch na Slovensku 
260 |b STU v Bratislave MTF UPMK,  |c 2010 
650 7 |a ergonómia  |2 stusub 
650 7 |a bezpečnosť  |2 stusub 
650 7 |a zdravie  |2 stusub 
650 7 |a rizikové faktory  |2 stusub 
650 7 |a safety  |2 estusub 
650 7 |a health  |2 estusub 
700 1 |a Hatiar, Karol,  |d 1949-  |4 ths  |u M4000  |U MTF Materiálovotechnologická fakulta  |T MTF Ústav priemyselného inžinierstva a manažmentu  |X 326  |U M4000  |Y 84  |7 A000000326 
856 4 |a info a plný text  |u http://is.stuba.sk/zp/portal_zp.pl?podrobnosti=46934  |3 VAIS 
996 |c M*BP-4479  |l MMSKP  |s P  |a 0  |w stu206890_0001